000
002680000a22000970004500
100
1
_a
Wal, A.J.O. van der
245
1
0
_a
Lo' namut in Habakkuk 1:12 : A suggestion
300
_a
Vol. 38, Num 4 (Octubre, 1988), Páginas 480-483
773
0
_t
Vetus Testamentum
942
_c
ANA
999
_c
57449
_d
57449